|
|
|
|
| LEADER |
00000nam0a2200000 4500 |
| 001 |
357980 |
| 005 |
20231102011039.0 |
| 035 |
|
|
|a (RuTPU)RU\TPU\retro\15248
|
| 090 |
|
|
|a 357980
|
| 100 |
|
|
|a 20200812d1915 km y0rusy50 ca
|
| 101 |
0 |
|
|a rus
|
| 102 |
|
|
|a RU
|
| 105 |
|
|
|a a z 000zy
|
| 200 |
1 |
|
|a Об андезитовой лаве из окрестностей г. Чегеть-Джора в Балкарии, на Кавказе
|e отдельный оттиск
|f Б. Залеский
|g Петроградский политехнический институт императора Петра Великого
|
| 210 |
|
|
|a Петроград
|c Типография Р. Г. Шредера
|d 1915
|
| 215 |
|
|
|a 12 с.
|c ил.
|
| 225 |
1 |
|
|a Известия Политехнического Института Императора Петра Великого
|v Т. 24
|
| 300 |
|
|
|a Текст в русской дореформенной орфографии
|
| 317 |
|
|
|5 63413507: 263//418
|a Поступил в НТБ в 1945 г. в составе книжного собрания профессора ТПИ А. В. Лаврского
|
| 606 |
1 |
|
|a Туфолавы
|2 stltpush
|3 (RuTPU)RU\TPU\subj\62192
|9 79335
|
| 610 |
1 |
|
|a андезитовые расплавы
|
| 610 |
1 |
|
|a Балкария
|
| 610 |
1 |
|
|a Кавказ
|
| 610 |
1 |
|
|a сравнительная характеристика
|
| 610 |
1 |
|
|a минералогический состав
|
| 610 |
1 |
|
|a химический анализ
|
| 610 |
1 |
|
|a микроскопические исследования
|
| 610 |
1 |
|
|a Коллекция А. В. Лаврского
|
| 675 |
|
|
|a 552.313.1
|v 4
|
| 700 |
|
1 |
|a Залеский
|b Б.
|
| 712 |
0 |
2 |
|a Петроградский политехнический институт императора Петра Великого
|2 stltpush
|3 (RuTPU)RU\TPU\col\27607
|
| 801 |
|
1 |
|a RU
|b 63413507
|c 20200812
|
| 801 |
|
2 |
|a RU
|b 63413507
|c 20211123
|g RCR
|
| 942 |
|
|
|c BK
|